000
00295nam a2200121Ia 4500
008
191201s2014 xx 000 0 und d
100
_a
GULHATI, Shashi K
245
0
_a
Geotechnical Engineering
260
_a
N. delhi
_b
Pearson
_c
2014
300
_a
737
650
_a
B.Tech(CE)
942
_2
ddc
_c
BK
_0
2
999
_c
6077
_d
6077